000 00781cam a2200229 a 4500
999 _c871
_d871
001 6808
003 BD-DhUAP
005 20210118161637.0
008 200128s1989 pk b f101 0 eng
040 _aDLC
_cBD-DhUAP
_dBD-DhUAP
_bEng
082 0 0 _a327.5491054 PAK
_223
245 0 0 _aPakistan India relations :
_bprospects for a durable peace /
_cedited by Rafique Ahmad.
260 _aLahore :
_bCenter for South Asian Studies,
_cc1989.
300 _axxiii, 283 pages ;
_c24 cm.
504 _aIncludes bibliographical references and index.
505 _aEnglish and Urdu.
650 0 _aNational security
_zPakistan
_xCongresses.
650 0 _aNational security
_zIndia
_xCongresses.
700 1 _aAhmad, Rafiq.
710 2 _aPakistan Institute of National Affairs.
942 _2ddc
_cBK